<?xml version="1.0" encoding="UTF-8"?>
<record
    xmlns:xsi="http://www.w3.org/2001/XMLSchema-instance"
    xsi:schemaLocation="http://www.loc.gov/MARC21/slim http://www.loc.gov/standards/marcxml/schema/MARC21slim.xsd"
    xmlns="http://www.loc.gov/MARC21/slim">

  <leader>03241nam a2200577Ia 4500</leader>
  <controlfield tag="001">1747</controlfield>
  <controlfield tag="008">241029s9999    xx            000 0 und d</controlfield>
  <datafield tag="010" ind1=" " ind2=" ">
    <subfield code="a">1634</subfield>
  </datafield>
  <datafield tag="041" ind1=" " ind2=" ">
    <subfield code="a">Espa&#xF1;ol</subfield>
  </datafield>
  <datafield tag="082" ind1=" " ind2=" ">
    <subfield code="a">MA-ES 0001 FH 1998</subfield>
  </datafield>
  <datafield tag="245" ind1=" " ind2="0">
    <subfield code="a">Percepci&#xF3;n del Nivel de Rendimiento Acad&#xE9;mico de los Estudiantes del Nivel Medio en la Asignatura Qu&#xED;mica y los Principales Factores que Inciden en el mismo en los Liceos P&#xFA;blicos de los Distritos Educativos 05 y 06 de la Regional de Educaci&#xF3;n 07</subfield>
  </datafield>
  <datafield tag="260" ind1=" " ind2=" ">
    <subfield code="a">Duarte</subfield>
  </datafield>
  <datafield tag="300" ind1=" " ind2=" ">
    <subfield code="a">76</subfield>
  </datafield>
  <datafield tag="520" ind1=" " ind2=" ">
    <subfield code="a">33</subfield>
  </datafield>
  <datafield tag="630" ind1=" " ind2=" ">
    <subfield code="a">Factores</subfield>
  </datafield>
  <datafield tag="630" ind1=" " ind2=" ">
    <subfield code="a">Nivel Medio</subfield>
  </datafield>
  <datafield tag="630" ind1=" " ind2=" ">
    <subfield code="a">Percepci&#xF3;n</subfield>
  </datafield>
  <datafield tag="630" ind1=" " ind2=" ">
    <subfield code="a">Qu&#xED;mica</subfield>
  </datafield>
  <datafield tag="630" ind1=" " ind2=" ">
    <subfield code="a">Redimiento acad&#xE9;mico</subfield>
  </datafield>
  <datafield tag="650" ind1=" " ind2=" ">
    <subfield code="a">Ciencias de la Naturaleza</subfield>
  </datafield>
  <datafield tag="690" ind1=" " ind2=" ">
    <subfield code="a">Sintetizado</subfield>
  </datafield>
  <datafield tag="700" ind1=" " ind2=" ">
    <subfield code="e">asesor</subfield>
    <subfield code="a"> de los Santos, Saturnino</subfield>
  </datafield>
  <datafield tag="700" ind1=" " ind2=" ">
    <subfield code="e">autor</subfield>
    <subfield code="a">Zayas Burgos, Victoria Ramona</subfield>
  </datafield>
  <datafield tag="700" ind1=" " ind2=" ">
    <subfield code="e">autor</subfield>
    <subfield code="a">Garc&#xED;a Olivo, Eufemia Antonia</subfield>
  </datafield>
  <datafield tag="901" ind1=" " ind2=" ">
    <subfield code="a">{"1":"Zayas Burgos","2":"Garc&#xED;a Olivo"}</subfield>
    <subfield code="b">{"1":"Victoria Ramona","2":"Eufemia Antonia"}</subfield>
  </datafield>
  <datafield tag="902" ind1=" " ind2=" ">
    <subfield code="a">1</subfield>
  </datafield>
  <datafield tag="903" ind1=" " ind2=" ">
    <subfield code="a">{"1":" de los Santos"}</subfield>
    <subfield code="b">{"1":"Saturnino"}</subfield>
  </datafield>
  <datafield tag="904" ind1=" " ind2=" ">
    <subfield code="a">Mag&#xED;ster en</subfield>
  </datafield>
  <datafield tag="905" ind1=" " ind2=" ">
    <subfield code="a">Educaci&#xF3;n</subfield>
  </datafield>
  <datafield tag="906" ind1=" " ind2=" ">
    <subfield code="a">1</subfield>
  </datafield>
  <datafield tag="907" ind1=" " ind2=" ">
    <subfield code="a">Menci&#xF3;n en</subfield>
  </datafield>
  <datafield tag="908" ind1=" " ind2=" ">
    <subfield code="a">Investigaci&#xF3;n</subfield>
  </datafield>
  <datafield tag="909" ind1=" " ind2=" ">
    <subfield code="a">Universidad Aut&#xF3;noma de Santo Domingo (UASD)</subfield>
  </datafield>
  <datafield tag="910" ind1=" " ind2=" ">
    <subfield code="a">NULL</subfield>
    <subfield code="b">NULL</subfield>
  </datafield>
  <datafield tag="911" ind1=" " ind2=" ">
    <subfield code="a">["1"]</subfield>
  </datafield>
  <datafield tag="912" ind1=" " ind2=" ">
    <subfield code="a">NO APLICA</subfield>
  </datafield>
  <datafield tag="913" ind1=" " ind2=" ">
    <subfield code="a">NULL</subfield>
  </datafield>
  <datafield tag="914" ind1=" " ind2=" ">
    <subfield code="a">01 de Mayo de 1998</subfield>
  </datafield>
  <datafield tag="915" ind1=" " ind2=" ">
    <subfield code="a">NULL</subfield>
  </datafield>
  <datafield tag="916" ind1=" " ind2=" ">
    <subfield code="a">NULL</subfield>
  </datafield>
  <datafield tag="917" ind1=" " ind2=" ">
    <subfield code="a">NULL</subfield>
  </datafield>
  <datafield tag="918" ind1=" " ind2=" ">
    <subfield code="a">NO APLICA</subfield>
  </datafield>
  <datafield tag="919" ind1=" " ind2=" ">
    <subfield code="a">["243","240","284","280","242"]</subfield>
  </datafield>
  <datafield tag="520" ind1=" " ind2=" ">
    <subfield code="a">El prop&#xF3;sito central del estudio consisti&#xF3; en describir la percepci&#xF3;n del nivel de rendimiento acad&#xE9;mico de los estudiantes del nivel medio en la asignatura Qu&#xED;mica y determinar los principales factores que inciden en el mismo en los Liceos p&#xFA;blicos de los Distritos Educativos 05 y 06 de la Regional de Educaci&#xF3;n 07.El estudio utiliz&#xF3; un dise&#xF1;o descriptivo, la poblaci&#xF3;n de inter&#xE9;s fueron 12 maestros y 2410 estudiantes, de los cuales se tom&#xF3; una muestra de 340 sujetos. Asimismo los datos fueron obtenidos mediante dos cuestionaros y analizados usando el paquete estad&#xED;stico para la ciencias sociales (SPSS/PC+).Los resultados demostraron que los maestros y los estudiantes perciben ligeramente un alto nivel de rendimiento acad&#xE9;mico en la asignatura qu&#xED;mica. En relaci&#xF3;n a los factores que inciden en el nivel de rendimiento acad&#xE9;mico, los resultados mostraron que la falta de libros de textos, donde aparecen los contenidos de Qu&#xED;mica, el poco tiempo que se dedica al estudio, bajo nivel socio-econ&#xF3;mico de los padres o tutores y temor a la asignatura. En otro aspecto se determin&#xF3; que los estudiantes tienen una actitud favorable hacia la asignatura y que las t&#xE9;cnicas de ense&#xF1;anza utilizada por los maestros son aceptadas para trabajar la asignatura por lo que adquiri&#xF3; una valoraci&#xF3;n medianamente alta.El estudio recomienda promover entre los maestros las ideas o los conocimientos para corregir fallas e incorporar otros elementos, que sirvan para fortalecer el &#xE1;rea en el proceso de ense&#xF1;anza-aprendizaje de la Qu&#xED;mica.</subfield>
  </datafield>
  <datafield tag="921" ind1=" " ind2=" ">
    <subfield code="a">16</subfield>
  </datafield>
  <datafield tag="922" ind1=" " ind2=" ">
    <subfield code="a">16</subfield>
  </datafield>
  <datafield tag="923" ind1=" " ind2=" ">
    <subfield code="a">0</subfield>
  </datafield>
  <datafield tag="924" ind1=" " ind2=" ">
    <subfield code="a">NO APLICA</subfield>
  </datafield>
  <datafield tag="942" ind1=" " ind2=" ">
    <subfield code="c">Tesis</subfield>
  </datafield>
  <datafield tag="999" ind1=" " ind2=" ">
    <subfield code="c">1634</subfield>
    <subfield code="d">1634</subfield>
  </datafield>
</record>
